00751 2200169 4500245004600000020002200046250000900068100002200077650002000099005001900119260003900138041001400177084000800191300001500199500035800214336000900572 aJenderal KambingcKhrisna PabicharahText a978-602-6799-27-2 a2017 aKhrisna Pabichara aNovel Non Fiksi a20231012094327 aBantenbKaurama Buana Antarac2017 aIndonesia a899 a209 hlm. : aNamanya Ibrahim.Ia lahir tanpa disaksikan sang ayah yang sedang bertugas jauh.Seolah melengkapi penderitaannya,beberapa saat setelah ia lahir,ibunya menghembuskan nafas terakhir.Ayahnya baru pulang ketika usianya menginjak enam bulan.Sedari kecil ia hidup pas pasan.Sepulang sekolah,ia mengembala kambing untuk bertahan hidup dan membiayai pendidikannya atext